| 000 | 00588nam a22001577a 4500 | ||
|---|---|---|---|
| 003 | OSt | ||
| 005 | 20150928102839.0 | ||
| 008 | 150928b xxu||||| |||| 00| 0 eng d | ||
| 040 | _cRUA | ||
| 082 | _aAGR CHI 2012 B053 Or.1 | ||
| 100 |
_91477 _aCHIM, CHUNY. |
||
| 245 |
_athe effects of plant density on tomato growth and yield (ឥទ្ធិពលនៃដង់ស៊ីតេទៅលើការលូតលាស់និងទិន្នផលដំណំាប៉េងប៉ោះ) _b |
||
| 260 |
_aPhnom Penh _bRUA _c2012 |
||
| 300 |
_ax, 38p. _bill. _c29cm. |
||
| 942 |
_2ddc _cAGR |
||
| 999 |
_c1388 _d1388 |
||